Les séries Star Trek - Statistiques

Statistiques générales
  • Ce quiz a été pris 127 fois
  • Le résultat moyen est 5 sur 8
Statistiques - réponses
Date Nombre de saisons Nombre d'épisodes Nom de la série % Correct
1966 3 79 Star Trek : La Série Originale
90%
1995 7 172 Star Trek : Voyager
69%
1993 7 176 Star Trek : Deep Space Nine
67%
2001 4 98 Star Trek : Enterprise
65%
2017 2* 29* Star Trek : Discovery
63%
2020 1* 10* Star Trek : Picard
59%
1987 7 178 Star Trek : La Nouvelle Génération
46%
1973 2 22 Star Trek : La Série Animée
24%
Aucun quiz correspondant
Distribution des résultats
% des personnes avec chaque résultat
Percentile par nombre de réponses
Votre historique - résultats
Vous n’avez pas pris ce quiz